<?xml version="1.0" encoding="UTF-8"?>
<collection xmlns="http://www.loc.gov/MARC21/slim">
 <record>
  <leader>00618nam a22001935a 4500</leader>
  <controlfield tag="001">EHU.bham052002</controlfield>
  <controlfield tag="008">240325s1990####ag############000#0#####d</controlfield>
  <controlfield tag="005">20240404073738.0</controlfield>
  <datafield tag="245" ind1="1" ind2="0">
   <subfield code="a">Una historia sencilla /</subfield>
   <subfield code="c">Leonardo Sciascia ; trad. por Carlos Manzano.</subfield>
  </datafield>
  <datafield tag="260" ind1=" " ind2=" ">
   <subfield code="a">Buenos Aires :</subfield>
   <subfield code="b">TusQuets,</subfield>
   <subfield code="c">1990.</subfield>
  </datafield>
  <datafield tag="300" ind1=" " ind2=" ">
   <subfield code="a">78 p.</subfield>
  </datafield>
  <datafield tag="020" ind1=" " ind2=" ">
   <subfield code="a">9509779172</subfield>
  </datafield>
  <datafield tag="100" ind1="1" ind2=" ">
   <subfield code="a">Sciascia, Leonardo.</subfield>
  </datafield>
  <datafield tag="700" ind1="1" ind2=" ">
   <subfield code="a">Manzano, Carlos, trad.</subfield>
  </datafield>
  <datafield tag="082" ind1="8" ind2="4">
   <subfield code="a">853.9 Sc416-4</subfield>
  </datafield>
  <datafield tag="653" ind1=" " ind2=" ">
   <subfield code="a">Literatura italiana-1911-</subfield>
  </datafield>
  <datafield tag="653" ind1=" " ind2=" ">
   <subfield code="a">Novela italiana-1911-</subfield>
  </datafield>
  <datafield tag="653" ind1=" " ind2=" ">
   <subfield code="a">Colección Villar</subfield>
  </datafield>
  <datafield tag="859" ind1=" " ind2=" ">
   <subfield code="a">AR-BHAM</subfield>
   <subfield code="b">BIB. HUMANIDADES - General</subfield>
   <subfield code="h">853.9</subfield>
   <subfield code="i">Sc416-4</subfield>
   <subfield code="p">133.24</subfield>
   <subfield code="t">1</subfield>
  </datafield>
 </record>
</collection>
